Des chiffres et des chiffres (mort subite) - Statistiques

Statistiques générales
  • Ce quiz a été pris 24 fois
  • Le résultat moyen est 7 sur 20
Answers on the Grid
Answers color-coded by a green-red scale on the quiz's grid according to % correct below.
09 : 20
0,45
17 : 02
9
20 : 20
1
23 : 05
4,6
08 : 04
3
02 : 10
0,20
18 : 08
2,25
06 : 05
1,2
30 : 15
2
05 : 04
1,25
22 : 04
5,5
14 : 40
0,35
10 : 20
0,5
03 : 30
0,1
23 : 08
2,875
19 : 50
0,38
12 : 33
0,2
15 : 25
0,6
07 : 10
0,7
04 : 50
0,08
13 : 52
0,25
11 : 2
5,5
01 : 01
1
16 : 40
0,4
 
Statistiques - réponses
Réponse % Correct
20 : 20
1
92%
02 : 10
0,20
79%
06 : 05
1,2
63%
01 : 01
1
50%
18 : 08
2,25
42%
23 : 05
4,6
42%
09 : 20
0,45
38%
11 : 2
5,5
38%
07 : 10
0,7
33%
03 : 30
0,1
25%
22 : 04
5,5
25%
04 : 50
0,08
21%
05 : 04
1,25
21%
10 : 20
0,5
21%
13 : 52
0,25
21%
16 : 40
0,4
21%
19 : 50
0,38
21%
14 : 40
0,35
8%
15 : 25
0,6
8%
23 : 08
2,875
8%
Aucun quiz correspondant
Distribution des résultats
% des personnes avec chaque résultat
Percentile par nombre de réponses
Votre historique - résultats
Vous n’avez pas pris ce quiz